00251 a2200085 4500000002500000020001800025100001600043245008300059260002300142 nam a22 7a 4500 a9781498733175 aRajan, Ginu aStructural health monitoring of composite structures using fiber optic methods bCRC Press, c2017.